000 00880cam a2200229 4500
001 WS118983
008 020722n 000 0 eng u
035 _a(Sirsi) u118983
110 _aFederal Communications Commission
_94297
245 _aFederal Communications Commission
520 _aWeb site for this independent US government agency charged with regulating interstate and international communications by radio, television, satellite and cable. Includes pages for consumers, details of major initiatives and rules and regulations.
650 _aINTERNATIONAL
650 _aUSA
650 _aGOVERNMENT
650 _aREGULATIONS
650 _aCONSUMER ADVICE
650 _aLEGISLATION
650 _aTELECOMMUNICATIONS
690 _aTRANSPORT AND COMMUNICATIONS
856 4 0 _uhttps://www.fcc.gov
_zVisit the website free of charge at www.fcc.gov...
942 _n0
999 _c120126
_d120126